000
00343nam a2200145Ia 4500
003
OSt
005
20231218105611.0
008
170524s9999 xx 000 0 und d
020
_a
8179922146
040
_c
iimt university meerut
100
_a
DSOUZA
245
0
_a
HOW TO TURN CUSTOMER SERVICE
260
_a
TATA MC GRAW HILL
942
_2
ddc
_c
02
999
_c
2016
_d
2016